LEADER 01397nam a2200313 a 4500 001 000000129555 003 CaOOAMICUS 005 20120705130037.0 008 120705s2011 it u000 u ita r 020 $a978-88-244-5862-7 040 $aPUL$bita 082 04$a340 245 00$aCompendio di diritto degli enti locali. 250 $a6. ed. [Aggiornato alla sentenza della Corte Costituzionale n. 115/2011, al decreto sul federalismo fiscale municipale (D.Lgs. 23/2011), alla legge di stabilitą per l'anno 2011 (L. 220/2010)]. 260 $aNapoli :$bEdizioni Giuridiche Simone,$c2011. 300 $a383 p. ;$c21 cm. 490 1 $aVolumi di base ;$v25/2 500 $aInclude indice. 500 $aIn testa al front.: AA.VV. 650 4$aEnti locali$xDiritto e legislazione.$0(OLS)http://pul/subject/17994 830 0$aVolumi di base ;$v25/2.$0(OLS)http://pul/title/163704 850 $aPUL 852 $aPUL$W1$xDP2 Diritto e Scienze Sociali 3$y110$m340 COLL 3.25.2$j150042$qDDC 21$B148566$CPULBib$Z2$F148566 $H120272 $82 941 1 $a9 996 $6020$a978-88-244-5862-7$9(OLS)http://pul/number/150195 996 $6082$a340$9(OLS)http://pul/classification/419 996 $6245$aCompendio di diritto degli enti locali$9(OLS)http://pul/title/163724 996 $6260$aNapoli :$bEdizioni Giuridiche Simone$9(OLS)http://pul/publisher/69730 LEADER 01546nam a2200349 a 4500 001 000000133264 003 CaOOAMICUS 005 20130325115646.0 008 130325s2012 it d u000 u ita r 020 $a978-88-343-2153-9 040 $aPUL$bita 100 1 $aBesana, Claudio.$0(OLS)http://pul/name/85885 245 10$aTra agricoltura e industria :$bil settore caseario nella Lombardia dell'Ottocento /$cClaudio Besana. 260 $aMilano :$bVita e pensiero,$c©2012. 300 $aXVII, 290 p. :$bgrafici ;$c22 cm 490 1 $aStoria-ricerche 490 1 $aVita e pensiero universitą 500 $aInclude bibliografia in nota e indici. 651 4$aLombardia$xCaseifici$xStoria$ySec. XIX.$0(OLS)http://pul/subject/39455 830 0$aUniversitą (Vita e Pensiero).$0(OLS)http://pul/title/154439 830 0$aRicerche (Vita e Pensiero).$pStoria.$0(OLS)http://pul/title/174438 850 $aPUL 852 $aPUL$W1$xDP1 Cons. Gen., Altre Classi 1$y22$m389 C 54$j153180$qStampati$B152711$CPULBib$Z2$F152711 $H122027 $82 941 1 $a8 983 0$aVita e pensiero.$pUniversitą. 983 0$aV & P. Universitą. 983 0$aStoria.$pRicerche (Vita e pensiero) 983 0$aV & P. Storia. Ricerche. 996 $6020$a978-88-343-2153-9$9(OLS)http://pul/number/152210 996 $6245$aTra agricoltura e industria :$bil settore caseario nella Lombardia dell'Ottocento$9(OLS)http://pul/title/168400 996 $6260$aMilano :$bVita e pensiero$9(OLS)http://pul/publisher/48016